00691nam a2200241 a 4500001001300000003000900013005001700022008004100039020002300080082001500103100002300118245001700141260004500158300000900203500003500212505001000247650002100257700002300278902000800301942000700309952011600316999001700432nice12345678IN_TiNIC20260116013901.0050524s1994 dela grp 000 0 eng  a8170186 c19000a181.4bPAR aParampanthi, Swami aUnknown Guru aDelhibB.R.Publishing Corporation c1994 a328p aincludes index and biblioraphy2 aIndex aPhilosophy-Hindu1 aParampanthi, Swami bSRS cBK 001040708StackRoom-aHMIbHMId2007-03-16g190.00l0o181.4 PARp015224r2007-03-16v190.00w2005-05-24yBK c12953d12953